Loading...
| Science - Biology | 0 | 8 | 0 | 0 | 80 | 57 | 87.25 | 4 | 7 | 0.00 | 0.00 |
| Science - Chemistry | 0 | 7 | 0 | 1 | 70 | 54 | 84.43 | 4 | 7 | 0.00 | 0.00 |
| Fine Arts - Painting & Sculpture | 0 | 6 | 0 | 1 | 60 | 95 | 115.17 | 1 | 5 | 0.00 | 0.00 |
| Science - Physics | 0 | 5 | 0 | 0 | 50 | 70 | 97.40 | 4 | 5 | 0.00 | 0.00 |
| Philosophy | 0 | 4 | 0 | 0 | 40 | 87 | 103.50 | 1 | 4 | 0.00 | 0.00 |
| Science - Other | 0 | 3 | 0 | 0 | 30 | 71 | 94.00 | 1 | 2 | 0.00 | 0.00 |
| Fine Arts - Classical Music | 0 | 2 | 0 | 0 | 20 | 122 | 125.00 | 0 | 1 | 0.00 | 0.00 |
| Literature - European | 0 | 1 | 0 | 1 | 10 | 138 | 138.00 | 0 | 1 | 0.00 | 0.00 |
| Literature - American | 0 | 1 | 0 | 0 | 10 | 131 | 131.00 | 0 | 0 | 0.00 | 0.00 |
| History - American | 0 | 1 | 0 | 0 | 10 | 120 | 120.00 | 0 | 1 | 0.00 | 0.00 |
| Social Science | 0 | 1 | 0 | 0 | 10 | 124 | 124.00 | 0 | 1 | 0.00 | 0.00 |
| Mythology | 0 | 0 | 0 | 0 | 0 | 0.00 | 0 | 0 | 0.00 | 0.00 |